Statistics for NHL Hockey Top Four Teams

Click here to take the quiz!

General Stats

  • This quiz has been taken 62 times
  • The average score is 19 of 25

Answer Stats

Answer% Correct
Tampa Bay Lightning
92%
Boston Bruins
90%
Colorado Avalanche
90%
Los Angeles Kings
90%
Montreal Canadiens
90%
Vegas Golden Knights
90%
Pittsburgh Penguins
88%
Washington Capitals
88%
Chicago Blackhawks
83%
Dallas Stars
81%
Florida Panthers
81%
New York Rangers
81%
Vancouver Canucks
77%
San Jose Sharks
75%
St. Louis Blues
75%
Edmonton Oilers
71%
Nashville Predators
71%
Philadelphia Flyers
71%
New Jersey Devils
67%
New York Islanders
63%
Anaheim Ducks
60%
Carolina Hurricanes
60%
Ottawa Senators
54%
Winnipeg Jets
52%
Arizona Coyotes
46%

Score Distribution

Percentile by Number Answered

Percent of People with Each Score

Your Score History

You have not taken this quiz